[Event "16. Torneo San Viator"]
[Site "Madrid ESP"]
[Date "2016.04.17"]
[Round "3.31"]
[White "Gil Calvente, Jose Antonio"]
[Black "Sirera Ripoll, Jose Luis"]
[Result "1/2-1/2"]
[WhiteElo "1732"]
[BlackElo "1821"]
[PlyCount "159"]
[EventDate "2016.04.03"]
[EventType "swiss"]
[EventRounds "9"]
[EventCountry "ESP"]
[Source "lmi"]
[SourceDate "2016.04.03"]

1. d4 Nf6 2. Nf3 g6 3. g3 Bg7 4. c4 d5 5. Nc3 dxc4 6. Bg2 O-O 7. O-O Nbd7 8.
Bf4 Nb6 9. Qd2 Re8 10. Bh6 Bh8 11. Ne5 Nfd5 12. Nxd5 Nxd5 13. Nxc4 Nb6 14. Ne5
Bxe5 15. dxe5 Qxd2 16. Bxd2 c6 17. b3 Be6 18. e4 c5 19. f4 Bd7 20. f5 Rac8 21.
Ba5 Na8 22. Rad1 Bb5 23. Rf2 b6 24. Bc3 Nc7 25. Rfd2 e6 26. a4 Ba6 27. f6 Bb7
28. Rd7 Kf8 29. h4 Bc6 30. R7d6 Na6 31. g4 Nb8 32. h5 Rc7 33. hxg6 hxg6 34. Kf2
Rd7 35. Rh1 Kg8 36. Bf3 Red8 37. Rxd7 Rxd7 38. Ke3 a6 39. Be2 b5 40. axb5 axb5
41. Rd1 Rxd1 42. Bxd1 Nd7 43. b4 cxb4 44. Bb2 Nb6 45. Bb3 Nc4+ 46. Bxc4 bxc4
47. Kd4 c3 48. Bc1 Bb5 49. g5 Kf8 50. Be3 Ke8 51. Bf2 Kd7 52. Be1 Kc6 53. Bf2
Kb6 54. Be3 Ka5 55. Bf4 Ka4 56. Bc1 Kb3 57. Kc5 Bd3 58. Be3 Bxe4 59. Kd6 Kb2
60. Ke7 c2 61. Kxf7 c1=Q 62. Bxc1+ Kxc1 63. Kg7 b3 64. f7 b2 65. f8=Q b1=Q 66.
Qf4+ Kb2 67. Qd2+ Qc2 68. Qb4+ Kc1 69. Qe1+ Kb2 70. Qb4+ Ka1 71. Qa3+ Kb1 72.
Qb4+ Ka2 73. Qa5+ Kb3 74. Qb6+ Kc4 75. Qxe6+ Kb5 76. Qe8+ Kb6 77. Qd8+ Kc6 78.
Qd6+ Kb7 79. Qd7+ Kb6 80. Qd6+ 1/2-1/2

[Event "16. Torneo San Viator"]
[Site "Madrid ESP"]
[Date "2016.04.17"]
[Round "3.32"]
[White "Blanco Diez, David"]
[Black "Rendo Quindos, Pedro"]
[Result "1-0"]
[WhiteElo "1819"]
[BlackElo "1572"]
[PlyCount "51"]
[EventDate "2016.04.03"]
[EventType "swiss"]
[EventRounds "9"]
[EventCountry "ESP"]
[Source "lmi"]
[SourceDate "2016.04.03"]

1. d4 Nf6 2. c4 g6 3. Nc3 Bg7 4. e4 d6 5. h3 O-O 6. Nf3 c5 7. d5 e6 8. Bd3 exd5
9. cxd5 a6 10. a4 Re8 11. O-O Nbd7 12. Bf4 Qb6 13. Qd2 Nh5 14. Bh2 Ne5 15. Nxe5
Bxe5 16. Bxe5 Rxe5 17. f4 Re7 18. Bc4 Bd7 19. Rae1 Rae8 20. e5 Ng7 21. Ne4 dxe5
22. d6 Re6 23. fxe5 Rd8 24. Bxe6 Nxe6 25. Qh6 Nf8 26. Nf6+ 1-0

[Event "16. Torneo San Viator"]
[Site "Madrid ESP"]
[Date "2016.04.17"]
[Round "3.33"]
[White "Campos Diaz, Fernando"]
[Black "Rosa Ramirez, Victor D"]
[Result "0-1"]
[WhiteElo "1677"]
[BlackElo "1972"]
[PlyCount "158"]
[EventDate "2016.04.03"]
[EventType "swiss"]
[EventRounds "9"]
[EventCountry "ESP"]
[Source "lmi"]
[SourceDate "2016.04.03"]

1. d4 Nf6 2. Bf4 g6 3. Nf3 Bg7 4. e3 O-O 5. Be2 d6 6. h3 c5 7. c4 Nh5 8. Bh2
Qb6 9. Qb3 Nc6 10. dxc5 dxc5 11. Nc3 h6 12. O-O Be6 13. Qc2 Nb4 14. Qb1 Bf5 15.
e4 Be6 16. a3 Nc6 17. Ra2 Bxc3 18. bxc3 Qxb1 19. Rxb1 b6 20. Ne5 Na5 21. Rd2
Nf6 22. f3 Rfd8 23. Rbd1 Rxd2 24. Rxd2 Ne8 25. Ng4 Bxc4 26. Bxc4 Nxc4 27. Rd7
Kf8 28. Nxh6 Nxa3 29. Ng4 Nc4 30. Kf2 a5 31. Bf4 a4 32. Bh6+ Ng7 33. Rd1 a3 34.
Ra1 b5 35. Bc1 b4 36. cxb4 cxb4 37. Ne3 Na5 38. Ra2 Nb3 39. Bxa3 bxa3 40. Nc4
Nc1 41. Rxa3 Rxa3 42. Nxa3 Nd3+ 43. Ke3 Nc5 44. Nc4 Nge6 45. f4 Kg7 46. g4 Nd8
47. Kd4 Nce6+ 48. Ke3 Nc6 49. h4 Nb4 50. Kf3 Nc2 51. Nd2 Ned4+ 52. Kg3 Nb4 53.
Kh3 Ne2 54. f5 Nd3 55. g5 Nc3 56. Kg3 Nc5 57. Kf4 Ne2+ 58. Ke3 Ng3 59. Kf3 Nh5
60. Nc4 Nd7 61. e5 gxf5 62. Ke3 Kg6 63. Kf3 Ng7 64. Kf4 Ne6+ 65. Kf3 Kh5 66.
Kg3 Ndc5 67. Ne3 Nd4 68. Kf4 e6 69. Ng2 Nd7 70. Kg3 Kg6 71. Nf4+ Kg7 72. h5
Nxe5 73. h6+ Kh7 74. Kh4 Ng6+ 75. Kg3 Nxf4 76. Kxf4 Nc6 77. Kg3 f6 78. Kf4 Kg6
79. Kf3 fxg5 0-1

[Event "16. Torneo San Viator"]
[Site "Madrid ESP"]
[Date "2016.04.17"]
[Round "3.34"]
[White "Giralda Gomez, David"]
[Black "Ramirez De La Piscina G, Juan"]
[Result "1-0"]
[WhiteElo "1856"]
[BlackElo "1656"]
[PlyCount "87"]
[EventDate "2016.04.03"]
[EventType "swiss"]
[EventRounds "9"]
[EventCountry "ESP"]
[Source "lmi"]
[SourceDate "2016.04.03"]

1. e4 d5 2. exd5 Qxd5 3. c4 Qa5 4. Nf3 Bg4 5. Be2 Nf6 6. O-O e6 7. Nc3 Nbd7 8.
d4 c6 9. h3 Bxf3 10. Bxf3 Be7 11. Re1 O-O 12. d5 Bb4 13. dxc6 Bxc3 14. cxb7
Rad8 15. bxc3 Qxc3 16. Bf4 Qxc4 17. Bd6 Nb8 18. Rc1 Qa6 19. Bxf8 Rxd1 20. Rexd1
Nd5 21. Bxd5 exd5 22. Rxd5 Qxb7 23. Rd8 h6 24. Bd6+ Kh7 25. Rxb8 Qd5 26. Bf4
Qxa2 27. h4 Qa4 28. g3 a6 29. Rb7 Qe8 30. Ra7 Qe6 31. Ra1 f6 32. R7xa6 Qc4 33.
Ra7 Qd4 34. Be3 Qb2 35. Rc1 Kg6 36. Rcc7 Kf5 37. Rxg7 h5 38. Ra5+ Ke4 39. Re7+
Kf3 40. Rf5+ Kg4 41. Rc5 Kf3 42. Kh2 Qe2 43. Rf5+ Kg4 44. Rf4# 1-0

[Event "16. Torneo San Viator"]
[Site "Madrid ESP"]
[Date "2016.04.17"]
[Round "3.35"]
[White "Cano Mercado, Francisco Manuel"]
[Black "Juzgado Niella, Angel Luis"]
[Result "1-0"]
[WhiteElo "1824"]
[BlackElo "1566"]
[PlyCount "103"]
[EventDate "2016.04.03"]
[EventType "swiss"]
[EventRounds "9"]
[EventCountry "ESP"]
[Source "lmi"]
[SourceDate "2016.04.03"]

1. e4 e5 2. Nf3 Nc6 3. Bb5 Nd4 4. Nxd4 exd4 5. O-O c6 6. Ba4 Nf6 7. d3 h6 8. a3
Bc5 9. b4 Bb6 10. Bb2 d6 11. h3 O-O 12. f4 Bd7 13. Nd2 c5 14. Bb3 Bc6 15. Nc4
Bc7 16. a4 a6 17. bxc5 dxc5 18. a5 Bb5 19. Qd2 Qd7 20. Ba3 Qc6 21. Ne5 Bxe5 22.
fxe5 Nh7 23. Bd5 Qc7 24. Rf2 Ng5 25. Raf1 Ne6 26. Qe2 Rab8 27. Bc1 Qxe5 28. Rf5
Qg3 29. Bxe6 fxe6 30. Bf4 Qg6 31. Rxc5 Rbc8 32. Rxc8 Rxc8 33. Be5 Rd8 34. Qf2
Bd7 35. Qxd4 Qg5 36. Bc7 Rc8 37. Qxd7 Qc5+ 38. d4 Qxc7 39. Qxe6+ Kh8 40. Rf2
Rd8 41. Qe5 Qd7 42. d5 Re8 43. Qd4 Qc7 44. d6 Qxa5 45. d7 Rd8 46. e5 Kg8 47.
Qc4+ Kh8 48. e6 Qe1+ 49. Rf1 Qe3+ 50. Kh1 b5 51. Qc7 Qg5 52. Qd6 1-0

[Event "16. Torneo San Viator"]
[Site "Madrid ESP"]
[Date "2016.04.17"]
[Round "3.36"]
[White "Rodriguez Garcia, Alberto"]
[Black "Mosteiro Montoro, Alvaro"]
[Result "1-0"]
[WhiteElo "1762"]
[BlackElo "1533"]
[PlyCount "45"]
[EventDate "2016.04.03"]
[EventType "swiss"]
[EventRounds "9"]
[EventCountry "ESP"]
[Source "lmi"]
[SourceDate "2016.04.03"]

1. d4 d5 2. c4 c6 3. Nc3 e6 4. e3 Nf6 5. Bd3 Bb4 6. a3 dxc4 7. Bxc4 Bxc3+ 8.
bxc3 Qa5 9. Ne2 O-O 10. f3 e5 11. O-O e4 12. Qc2 Bf5 13. Ng3 Bg6 14. fxe4 Nxe4
15. Nxe4 Bxe4 16. Qxe4 Qxc3 17. Bxf7+ Kh8 18. Ra2 Nd7 19. Raf2 Rab8 20. Qe7
Rbd8 21. Bb2 Qa5 22. d5 cxd5 23. Be8 1-0

[Event "16. Torneo San Viator"]
[Site "Madrid ESP"]
[Date "2016.04.17"]
[Round "3.37"]
[White "De Vicente Guijarro, Juan"]
[Black "Blasco Gallardo, Francisco"]
[Result "1-0"]
[WhiteElo "1761"]
[BlackElo "1421"]
[PlyCount "69"]
[EventDate "2016.04.03"]
[EventType "swiss"]
[EventRounds "9"]
[EventCountry "ESP"]
[Source "lmi"]
[SourceDate "2016.04.03"]

1. e4 g6 2. d4 Bg7 3. c4 c5 4. d5 d6 5. Nf3 Nf6 6. Nc3 Bg4 7. Be2 O-O 8. O-O
Nbd7 9. Nd2 Bxe2 10. Qxe2 Qa5 11. f4 Ne8 12. Nb3 Qd8 13. Qc2 f5 14. Bd2 b6 15.
Rae1 Nc7 16. Nc1 Rf7 17. N1e2 e5 18. Ng3 exf4 19. Bxf4 Be5 20. exf5 Qh4 21.
Bxe5 Nxe5 22. Nce4 Ng4 23. h3 Ne5 24. fxg6 Rxf1+ 25. Rxf1 Nxg6 26. Nf6+ Kh8 27.
Nge4 Rf8 28. Qc3 Ne5 29. Nxd6 Qd4+ 30. Qxd4 cxd4 31. Nfe4 Rxf1+ 32. Kxf1 Nxc4
33. Nxc4 Nxd5 34. Ned6 Kg7 35. Nf5+ 1-0

[Event "16. Torneo San Viator"]
[Site "Madrid ESP"]
[Date "2016.04.24"]
[Round "4.1"]
[White "Montes Gutierrez, Ignacio"]
[Black "Unciti Juan, Javier"]
[Result "0-1"]
[WhiteElo "2272"]
[BlackElo "2048"]
[PlyCount "82"]
[EventDate "2016.04.03"]
[EventType "swiss"]
[EventRounds "9"]
[EventCountry "ESP"]
[Source "lmi"]
[SourceDate "2016.04.03"]

1. d4 e6 2. c4 Nf6 3. Nf3 c5 4. g3 d5 5. cxd5 exd5 6. Bg2 Be7 7. O-O O-O 8. Nc3
Nc6 9. Bg5 c4 10. Ne5 Be6 11. e3 h6 12. Bxf6 Bxf6 13. f4 Ne7 14. Ng4 Bxg4 15.
Qxg4 Qa5 16. Qh5 g6 17. Qe2 Rad8 18. a4 Rfe8 19. g4 Nc6 20. Nxd5 Rxd5 21. Qxc4
Rd6 22. d5 Rxe3 23. dxc6 bxc6 24. b4 Qb6 25. a5 Qd8 26. Ra2 Qe7 27. Bxc6 Rc3
28. Qe4 Rdxc6 29. Qxe7 Bxe7 30. b5 Rc8 31. Rd1 Rb3 32. b6 axb6 33. axb6 Bc5+
34. Kg2 Bxb6 35. Rd5 Rc1 36. h3 Rg1+ 37. Kh2 Rgg3 38. Ra8+ Kg7 39. g5 Rxh3+ 40.
Kg2 Rbg3+ 41. Kf1 Rh2 0-1

[Event "16. Torneo San Viator"]
[Site "Madrid ESP"]
[Date "2016.04.24"]
[Round "4.2"]
[White "Fernandez Lledo, Javier"]
[Black "Renteria, Jorge"]
[Result "0-1"]
[WhiteElo "2248"]
[BlackElo "2258"]
[PlyCount "98"]
[EventDate "2016.04.03"]
[EventType "swiss"]
[EventRounds "9"]
[EventCountry "ESP"]
[Source "lmi"]
[SourceDate "2016.04.03"]

1. e4 c5 2. Ne2 d6 3. g3 g6 4. Bg2 Bg7 5. c3 Nf6 6. O-O O-O 7. d4 Nfd7 8. Be3
Nc6 9. Qd2 Rb8 10. Rd1 a6 11. Na3 cxd4 12. cxd4 Nf6 13. h3 d5 14. e5 Ne8 15. g4
Nc7 16. Ng3 f5 17. gxf5 Bxf5 18. h4 Bg4 19. Re1 Qd7 20. Kh2 Rf7 21. Qc3 Rbf8
22. Qb3 Rf3 23. Rac1 Ne6 24. Bxf3 Bxf3 25. Nc2 Nf4 26. Bxf4 Rxf4 27. Re3 Rxh4+
28. Kg1 Bg4 29. Rce1 e6 30. Rd3 Qf7 31. Qc3 h5 32. Ne3 Bh3 33. Ng2 Bxg2 34.
Kxg2 Rf4 35. f3 Qe7 36. Kf2 Rh4 37. Rg1 Rh2+ 38. Rg2 Qh4 39. Qd2 Bf8 40. Kg1
Rh3 41. f4 Nxd4 42. Rxd4 Bc5 43. Kf2 Qg4 44. b4 Bb6 45. Nf1 Qf3+ 46. Kg1 Qe4
47. Ng3 Bxd4+ 48. Kf1 Qf3+ 49. Ke1 Bc3 0-1

[Event "16. Torneo San Viator"]
[Site "Madrid ESP"]
[Date "2016.04.24"]
[Round "4.3"]
[White "Ruperez Benito, Antonio"]
[Black "Pindado Campos, Raul"]
[Result "1-0"]
[WhiteElo "2236"]
[BlackElo "2009"]
[PlyCount "111"]
[EventDate "2016.04.03"]
[EventType "swiss"]
[EventRounds "9"]
[EventCountry "ESP"]
[Source "lmi"]
[SourceDate "2016.04.03"]

1. e4 c5 2. Nf3 d6 3. Bb5+ Nd7 4. d4 Ngf6 5. Nc3 a6 6. Bxd7+ Nxd7 7. Be3 e6 8.
a4 Qc7 9. Qe2 h6 10. h4 Be7 11. Rd1 cxd4 12. Bxd4 Ne5 13. Nd2 Rg8 14. Bxe5 dxe5
15. Rh3 Bd7 16. Rd3 O-O-O 17. b3 Bc6 18. Nc4 Bb4 19. Kf1 Rd4 20. Rxd4 exd4 21.
Na2 Qh2 22. Qf3 Be7 23. Qxf7 Re8 24. Qxe6+ Kb8 25. Na5 Qxh4 26. Nxc6+ bxc6 27.
Qxc6 Rf8 28. Qb6+ Kc8 29. Qxa6+ Kb8 30. Qb6+ Ka8 31. Qc6+ Kb8 32. Qb5+ Ka8 33.
Qd5+ Kb8 34. Qxd4 Qh1+ 35. Ke2 Qxg2 36. Rd3 Qg4+ 37. f3 Qg3 38. Qf2 Qg6 39. Nc3
Rc8 40. Kd1 Bc5 41. Qh2+ Ka8 42. Nd5 Qg5 43. Qd2 Qg1+ 44. Qe1 Qg2 45. Nf4 Qh2
46. Ne2 Bb6 47. Kc1 Qe5 48. Kb1 Ba5 49. Qd1 Qb8 50. Rd7 Qe5 51. Qd5+ Qxd5 52.
Rxd5 Bb4 53. Rd7 Rf8 54. Nd4 Bc3 55. Nc6 Rxf3 56. Ra7# 1-0

[Event "16. Torneo San Viator"]
[Site "Madrid ESP"]
[Date "2016.04.24"]
[Round "4.4"]
[White "Garcia Galeote, Lorenzo"]
[Black "Cardena Contreras, Javier"]
[Result "1/2-1/2"]
[WhiteElo "2026"]
[BlackElo "1962"]
[PlyCount "89"]
[EventDate "2016.04.03"]
[EventType "swiss"]
[EventRounds "9"]
[EventCountry "ESP"]
[Source "lmi"]
[SourceDate "2016.04.03"]

1. d4 Nf6 2. c4 c5 3. e3 e6 4. Nc3 d5 5. Nf3 Nc6 6. Bd3 Be7 7. O-O O-O 8. a3 b6
9. cxd5 exd5 10. dxc5 bxc5 11. Qc2 Bg4 12. Be2 Rc8 13. Rd1 d4 14. Ne4 Bxf3 15.
Nxf6+ Bxf6 16. Bxf3 Qe7 17. Be4 g6 18. Bd2 Rfe8 19. Bxc6 Rxc6 20. exd4 Bxd4 21.
Re1 Re6 22. Rxe6 Qxe6 23. Rf1 Qe2 24. Qc1 c4 25. Bc3 Bxc3 26. Qxc3 Rd8 27. h4
Qh5 28. Rc1 Qxh4 29. g3 Qe4 30. Re1 Qg4 31. Kg2 Rc8 32. Re7 Qf5 33. Rxa7 h5 34.
Qf3 Qxf3+ 35. Kxf3 c3 36. bxc3 Rxc3+ 37. Kg2 g5 38. Ra5 f6 39. Ra7 Rc2 40. Kf3
Rc3+ 41. Ke4 h4 42. gxh4 gxh4 43. Kf5 Rf3+ 44. Kg4 Rxf2 45. Kxh4 1/2-1/2

[Event "16. Torneo San Viator"]
[Site "Madrid ESP"]
[Date "2016.04.24"]
[Round "4.5"]
[White "Lozano Freras, Sergio"]
[Black "Mazo Fernandez, Roberto"]
[Result "1-0"]
[WhiteElo "1925"]
[BlackElo "1990"]
[PlyCount "51"]
[EventDate "2016.04.03"]
[EventType "swiss"]
[EventRounds "9"]
[EventCountry "ESP"]
[Source "lmi"]
[SourceDate "2016.04.03"]

1. e4 c5 2. Nf3 d6 3. d4 cxd4 4. Nxd4 Nf6 5. Nc3 a6 6. h3 e6 7. g4 h5 8. g5 Ng8
9. h4 Ne7 10. Be3 Nbc6 11. Qd2 b5 12. f4 Bb7 13. Bg2 Nxd4 14. Bxd4 Nc6 15. Be3
Na5 16. O-O-O Nc4 17. Qd4 Rc8 18. Bh3 Qc7 19. Rh2 d5 20. exd5 Bc5 21. Qxc5 Qa5
22. Qd4 b4 23. dxe6 O-O 24. exf7+ Rxf7 25. Bxc8 Rc7 26. Be6+ 1-0

[Event "16. Torneo San Viator"]
[Site "Madrid ESP"]
[Date "2016.04.24"]
[Round "4.6"]
[White "Mena Corrochano, Alberto"]
[Black "Yeves Miquel, Enrique"]
[Result "1/2-1/2"]
[WhiteElo "2121"]
[BlackElo "1864"]
[PlyCount "119"]
[EventDate "2016.04.03"]
[EventType "swiss"]
[EventRounds "9"]
[EventCountry "ESP"]
[Source "lmi"]
[SourceDate "2016.04.03"]

1. d4 Nf6 2. c4 e6 3. Nc3 Bb4 4. e3 O-O 5. Nge2 d5 6. a3 Bd6 7. c5 Be7 8. b4 b6
9. Bb2 a5 10. Nf4 c6 11. Nd3 Nbd7 12. f4 Ba6 13. Be2 Qc7 14. O-O bxc5 15. bxc5
Rfb8 16. Rb1 Bc4 17. Nf2 Bxe2 18. Nxe2 Ne4 19. Nxe4 dxe4 20. Qc2 f5 21. Qc4 Kf7
22. g4 g6 23. gxf5 gxf5 24. Ng3 Rg8 25. Kh1 Rxg3 26. hxg3 Nf6 27. Kg2 Ng4 28.
Qe2 Rg8 29. Rh1 h6 30. Bc3 Bd8 31. Bd2 Qa7 32. Qc4 Bc7 33. Rb2 Rb8 34. Rhb1
Rxb2 35. Rxb2 Nf6 36. Rb1 Qa8 37. Be1 Nd5 38. Qe2 Qg8 39. Qh5+ Kg7 40. Bd2 Nf6
41. Qe2 Qa8 42. a4 Ng4 43. Kf1 Qa7 44. Ke1 Qa8 45. Kd1 Qa7 46. Kc2 Qa8 47. Rb3
Qa7 48. Kb2 Kf7 49. Ka1 Nf6 50. Bc1 Qa8 51. Bd2 Qa7 52. Rb1 Qa8 53. Bc1 Nd5 54.
Rb3 Kf6 55. Qb2 Qa6 56. Rb7 Qf1 57. Rxc7 Nxc7 58. d5+ Kf7 59. d6 Nd5 60. Kb1
1/2-1/2

[Event "16. Torneo San Viator"]
[Site "Madrid ESP"]
[Date "2016.04.24"]
[Round "4.7"]
[White "Lopez-Andujar Ocaña, Antonio"]
[Black "Camarero Izquierdo, Juan Carlos"]
[Result "1-0"]
[WhiteElo "2051"]
[BlackElo "1810"]
[PlyCount "51"]
[EventDate "2016.04.03"]
[EventType "swiss"]
[EventRounds "9"]
[EventCountry "ESP"]
[Source "lmi"]
[SourceDate "2016.04.03"]

1. e4 c5 2. Nf3 d6 3. d4 cxd4 4. Nxd4 Nf6 5. Nc3 a6 6. Be3 e6 7. f3 Be7 8. Qd2
O-O 9. O-O-O b5 10. g4 Bb7 11. g5 Nfd7 12. h4 Nc6 13. h5 Nxd4 14. Qxd4 Bxg5 15.
Rg1 Bxe3+ 16. Qxe3 b4 17. Nb1 d5 18. e5 a5 19. Qh6 g6 20. hxg6 fxg6 21. Rxg6+
hxg6 22. Qxg6+ Kh8 23. Qh6+ Kg8 24. Bd3 Kf7 25. Qh7+ Ke8 26. Bg6+ 1-0

[Event "16. Torneo San Viator"]
[Site "Madrid ESP"]
[Date "2016.04.24"]
[Round "4.8"]
[White "Marcos Herrero, Francisco"]
[Black "Barahona Torrijos, Angel"]
[Result "0-1"]
[WhiteElo "1978"]
[BlackElo "1804"]
[PlyCount "70"]
[EventDate "2016.04.03"]
[EventType "swiss"]
[EventRounds "9"]
[EventCountry "ESP"]
[Source "lmi"]
[SourceDate "2016.04.03"]

1. d4 Nf6 2. Nf3 c5 3. c4 e6 4. g3 cxd4 5. Nxd4 Nc6 6. Bg2 Bc5 7. Nc2 Ng4 8.
O-O f5 9. Nc3 h5 10. h4 Be7 11. e4 O-O 12. Ne3 Nce5 13. exf5 Bxh4 14. Nxg4 Nxg4
15. Bf3 Rxf5 16. Bxg4 hxg4 17. Qxg4 Be7 18. Bf4 b6 19. Rad1 Bb7 20. Rd3 Qf8 21.
Rxd7 Bc8 22. Rfd1 Bxd7 23. Rxd7 Rd8 24. Rxa7 Rd4 25. Qe2 Qf6 26. Be3 Bc5 27. a3
b5 28. Ra8+ Kh7 29. Nxb5 Re4 30. Nc3 Rxe3 31. fxe3 Qe5 32. Kg2 Bxe3 33. Qd3 g6
34. Qd7+ Kh6 35. Qd3 Rf2+ 0-1

[Event "16. Torneo San Viator"]
[Site "Madrid ESP"]
[Date "2016.04.24"]
[Round "4.9"]
[White "Flores Vidal, Pablo"]
[Black "Jordana Vargas, Julio"]
[Result "0-1"]
[WhiteElo "1746"]
[BlackElo "1973"]
[PlyCount "94"]
[EventDate "2016.04.03"]
[EventType "swiss"]
[EventRounds "9"]
[EventCountry "ESP"]
[Source "lmi"]
[SourceDate "2016.04.03"]

1. d4 Nf6 2. c4 e6 3. Nf3 d5 4. Bf4 Be7 5. e3 O-O 6. Nbd2 a6 7. Bd3 dxc4 8.
Nxc4 b5 9. Nce5 Bb7 10. Rc1 Bd6 11. O-O Nbd7 12. Qc2 h6 13. h3 Nd5 14. Bg3 Nb4
15. Bh7+ Kh8 16. Qb1 Nxa2 17. Bg6 Nxc1 18. Rxc1 Bxe5 19. Nxe5 Nxe5 20. Bxe5 Rc8
21. Bd3 c5 22. Be4 Bxe4 23. Qxe4 f6 24. Bf4 cxd4 25. Rxc8 Qxc8 26. exd4 Qd7 27.
g4 a5 28. Bd2 f5 29. Qe5 Qd5 30. Qxd5 exd5 31. Bxa5 fxg4 32. hxg4 Rf4 33. Bc3
Rxg4+ 34. Kf1 h5 35. f3 Rg6 36. Be1 Rc6 37. b3 Rc2 38. f4 Kh7 39. f5 Rc1 40.
Ke2 Rxe1+ 41. Kxe1 Kh6 42. Kf2 Kg5 43. Kg3 Kxf5 44. Kh4 g6 45. b4 Kf4 46. Kh3
g5 47. Kg2 Ke4 0-1

[Event "16. Torneo San Viator"]
[Site "Madrid ESP"]
[Date "2016.04.24"]
[Round "4.10"]
[White "Martin Diaz, Juan"]
[Black "Lobato Rivero, Carlos"]
[Result "0-1"]
[WhiteElo "1678"]
[BlackElo "1963"]
[PlyCount "80"]
[EventDate "2016.04.03"]
[EventType "swiss"]
[EventRounds "9"]
[EventCountry "ESP"]
[Source "lmi"]
[SourceDate "2016.04.03"]

1. d4 g6 2. Nf3 Bg7 3. Nc3 d5 4. Bf4 c6 5. e3 Nf6 6. Be2 O-O 7. O-O Nbd7 8. h3
b5 9. a3 a5 10. Na2 Bb7 11. c3 Ne4 12. Nc1 Qb6 13. Nd3 c5 14. dxc5 Ndxc5 15.
Nxc5 Nxc5 16. Be5 f6 17. Bd4 e5 18. Bxc5 Qxc5 19. Qb3 Bc6 20. e4 a4 21. Qa2 Kh8
22. exd5 Bxd5 23. Qb1 f5 24. Rd1 Rad8 25. Qc1 Bb3 26. Rxd8 Rxd8 27. Qg5 Rd6 28.
Kh2 Bf6 29. Qh6 Bg7 30. Qh4 Bf6 31. Qh6 Rd8 32. h4 Qxf2 33. Bxb5 e4 34. Ng5
Qf4+ 35. Kh1 Bxg5 36. hxg5 Bd1 37. Qh3 e3 38. c4 e2 39. Qc3+ Qd4 40. Qe1 Qd2
0-1

[Event "16. Torneo San Viator"]
[Site "Madrid ESP"]
[Date "2016.04.24"]
[Round "4.11"]
[White "Luna Hermoso, Angel"]
[Black "Uceda Martinez, Jacinto"]
[Result "1-0"]
[WhiteElo "1960"]
[BlackElo "1755"]
[PlyCount "51"]
[EventDate "2016.04.03"]
[EventType "swiss"]
[EventRounds "9"]
[EventCountry "ESP"]
[Source "lmi"]
[SourceDate "2016.04.03"]

1. g4 d5 2. Bg2 Bxg4 3. c4 Nf6 4. cxd5 Nbd7 5. Nc3 Nb6 6. Qb3 e6 7. h3 Bf5 8.
e4 Bg6 9. dxe6 c6 10. Nge2 Qd6 11. d4 Qxe6 12. d5 cxd5 13. exd5 Qd7 14. Be3 Nc8
15. O-O Be7 16. Nf4 Nd6 17. Rfe1 O-O 18. Bc5 Rfc8 19. Ba3 Bf5 20. Re3 Bf8 21.
Rae1 Nc4 22. Re7 Bxe7 23. Rxe7 Qd8 24. d6 Nxd6 25. Bxd6 Qxd6 26. Qxf7+ 1-0

[Event "16. Torneo San Viator"]
[Site "Madrid ESP"]
[Date "2016.04.24"]
[Round "4.12"]
[White "Tarrio Ocana, Jose Manuel"]
[Black "Garcia Bartolome, Sergio"]
[Result "0-1"]
[WhiteElo "1829"]
[BlackElo "2091"]
[PlyCount "86"]
[EventDate "2016.04.03"]
[EventType "swiss"]
[EventRounds "9"]
[EventCountry "ESP"]
[Source "lmi"]
[SourceDate "2016.04.03"]

1. e4 c5 2. Nc3 Nc6 3. Bb5 e6 4. Bxc6 bxc6 5. f4 d5 6. Nf3 Nf6 7. e5 Ng4 8. d3
Be7 9. Ng5 Nh6 10. O-O Nf5 11. Nf3 Rb8 12. g4 Nd4 13. Nxd4 cxd4 14. Ne2 Bc5 15.
Ng3 g6 16. Qf3 f5 17. gxf5 exf5 18. b3 Be7 19. Bb2 c5 20. Rfe1 Be6 21. a4 a5
22. Bc1 c4 23. bxc4 dxc4 24. dxc4 O-O 25. Ba3 Bxa3 26. Qxa3 Rb4 27. Rab1 Qb6
28. Rxb4 axb4 29. Qd3 Qc5 30. Kg2 Bxc4 31. Qd2 Bd5+ 32. Kh3 Rd8 33. Ne2 Be4 34.
Rb1 d3 35. Ng3 Qxc2 36. Nxe4 fxe4 37. Qxb4 d2 38. Qe7 Qd3+ 39. Kh4 Qd7 40. Qf6
Re8 41. Qd6 Qxd6 42. exd6 e3 43. d7 Rd8 0-1

[Event "16. Torneo San Viator"]
[Site "Madrid ESP"]
[Date "2016.04.24"]
[Round "4.13"]
[White "Campos Tores, Jose Luis"]
[Black "Villacorta Nicolas, David"]
[Result "0-1"]
[WhiteElo "1813"]
[BlackElo "1976"]
[PlyCount "94"]
[EventDate "2016.04.03"]
[EventType "swiss"]
[EventRounds "9"]
[EventCountry "ESP"]
[Source "lmi"]
[SourceDate "2016.04.03"]

1. e4 e5 2. d4 exd4 3. Qxd4 Nc6 4. Qe3 Nf6 5. Nc3 d6 6. Bd2 Be7 7. O-O-O O-O 8.
Bc4 a6 9. f4 b5 10. Bd5 Nxd5 11. Nxd5 Be6 12. Nf3 Re8 13. Qc3 Qd7 14. g4 b4 15.
Qd3 Reb8 16. b3 a5 17. Qc4 Bxd5 18. exd5 Nd8 19. Rde1 Rc8 20. Qe4 Bf8 21. Ng5
g6 22. f5 a4 23. fxg6 hxg6 24. Rhf1 axb3 25. Rxf7 Qxf7 26. Nxf7 Nxf7 27. axb3
Ra1+ 28. Kb2 Bg7+ 29. c3 bxc3+ 30. Bxc3 Bxc3+ 31. Kxc3 Rxe1 32. Qxe1 Ne5 33.
Qe4 Rf8 34. Qa4 Kg7 35. Qd4 Rf3+ 36. Kb4 Rf4 37. Qxf4 Nd3+ 38. Kb5 Nxf4 39. Kc6
Kf6 40. Kxc7 Ke5 41. Kc6 Nxd5 42. h4 Nf6 43. b4 Nxg4 44. b5 Ke6 45. b6 Ne5+ 46.
Kb5 Kd7 47. Ka6 Kc6 0-1

[Event "16. Torneo San Viator"]
[Site "Madrid ESP"]
[Date "2016.04.24"]
[Round "4.14"]
[White "Recuenco Andres, Javier"]
[Black "Bartolome Martin, Angel"]
[Result "0-1"]
[WhiteElo "1944"]
[BlackElo "1842"]
[PlyCount "141"]
[EventDate "2016.04.03"]
[EventType "swiss"]
[EventRounds "9"]
[EventCountry "ESP"]
[Source "lmi"]
[SourceDate "2016.04.03"]

1. e4 c5 2. Bc4 e6 3. Nc3 a6 4. a4 Nc6 5. f4 Nf6 6. e5 d5 7. Be2 Nd7 8. d3 Be7
9. Nf3 O-O 10. O-O f6 11. exf6 Bxf6 12. Ng5 Nd4 13. Bg4 Bxg5 14. fxg5 Ne5 15.
Bh3 Nf7 16. g6 hxg6 17. Ne2 e5 18. Nxd4 exd4 19. Bxc8 Rxc8 20. Qg4 Rc6 21. Bf4
Rf6 22. Rae1 Nh6 23. Qg3 Nf7 24. h4 Qd7 25. b3 Re8 26. Rxe8+ Qxe8 27. Re1 Re6
28. Rxe6 Qxe6 29. Qf3 Qe1+ 30. Qf1 Qxh4 31. g3 Qe7 32. Bd2 Qe6 33. Qf4 Qe5 34.
Qg4 Qf5 35. Qe2 Ne5 36. Bf4 Ng4 37. Qe8+ Kh7 38. Qe7 Qh5 39. Qe2 Ne3 40. Qd2
Qf3 41. Qh2+ Kg8 42. Qh3 Qd1+ 43. Kh2 Qxc2+ 44. Kh1 Qd1+ 45. Kh2 Ng4+ 46. Kg2
Qe2+ 47. Kg1 Qf2+ 48. Kh1 Qf3+ 49. Kg1 Ne3 50. Qc8+ Kh7 51. Qh3+ Qh5 52. Qxh5+
gxh5 53. Bd6 c4 54. bxc4 dxc4 55. Bc5 cxd3 56. Bb4 Nc4 57. Kf2 d2 58. Ke2 d3+
59. Kd1 g5 60. Be7 Kg6 61. Bc5 Nb2+ 62. Kxd2 Nxa4 63. Be3 b6 64. Kxd3 Nc5+ 65.
Kc4 Kf5 66. Bd4 Kg4 67. Be5 h4 68. gxh4 gxh4 69. Kd5 h3 70. Kc6 Kf3 71. Kxb6
0-1